Principios fundamentales del derecho del trabajo / (Registro nro. 28640)

Detalles MARC
000 -LEADER
fixed length control field 01598nam a2200241Ia 4500
003 - CONTROL NUMBER IDENTIFIER
control field CO-CtgCURN
005 - DATE AND TIME OF LATEST TRANSACTION
control field 20250410183156.0
008 - FIXED-LENGTH DATA ELEMENTS--GENERAL INFORMATION
fixed length control field 190723s9999 xx 000 0 und d
020 ## - INTERNATIONAL STANDARD BOOK NUMBER
International Standard Book Number 9586901998
040 ## - CATALOGING SOURCE
Original cataloging agency CO-CtgCURN
Language of cataloging spa
Transcribing agency coctgcurn
082 ## - DEWEY DECIMAL CLASSIFICATION NUMBER
Classification number 344.01
Item number G934p
100 ## - MAIN ENTRY--PERSONAL NAME
Personal name Guerrero Figueroa, Guillermo
Dates associated with a name 1934-
245 #0 - TITLE STATEMENT
Title Principios fundamentales del derecho del trabajo /
Statement of responsibility, etc. Guillermo Guerrero Figueroa
260 ## - PUBLICATION, DISTRIBUTION, ETC.
Place of publication, distribution, etc. Bogotá, Colombia :
Name of publisher, distributor, etc. Leyer,
Date of publication, distribution, etc. 1999
300 ## - PHYSICAL DESCRIPTION
Extent 204 páginas ;
Dimensions 24 centímetros
504 ## - BIBLIOGRAPHY, ETC. NOTE
Bibliography, etc. note Incluye referencias bibliográficas
505 ## - FORMATTED CONTENTS NOTE
Formatted contents note Generalidades sobre el trabajo -- Concepto legal del trabajo en nuestra legislacion colombiana -- Ubicacion del trabajo como derecho fundamental en la constitucion nacional -- Principios fundamentales del derecho del trabajo -- Principios fundamentales de caracter general contemplados en la constitucion política nacional -- Principios fundamentales minimos en la constitucion ncional para proteger al trabajador por cuenta ajena -- Principios fundamentales de las relaciones colectivas laborales en la constitucion nacional --Derecho de huelga (Art. 56, C.N.) -- Derecho al fuero y a la gestion gremial (Arts. 39, inc. 4;57 de la C.N.) -- Derecho a la negociacion colectiva (Art. 55 de la C.N.) -- Principio de la concertacion (Arts. 55, inc 2º; y 56, inc. 3º de la C.N.)
521 ## - TARGET AUDIENCE NOTE
Target audience note AREA PROFESIONAL
590 ## - LOCAL NOTE (RLIN)
Local note Programa de Derecho_18
650 ## - SUBJECT ADDED ENTRY--TOPICAL TERM
Topical term or geographic name entry element Derecho laboral
Geographic subdivision Colombia
942 ## - ADDED ENTRY ELEMENTS (KOHA)
Koha item type Libros
Classification part 344.01
Item part G934p
Source of classification or shelving scheme Dewey Decimal Classification
Suppress in OPAC No
Existencias
Withdrawn status Lost status Damaged status Not for loan Collection Home library Current library Shelving location Date acquired Inventory number Total checkouts Full call number Barcode Date last seen Copy number Price effective from Koha item type
          Miguel Henríquez Castañeda Barranquilla Miguel Henríquez Castañeda Barranquilla General 05/23/2018 01629   344.01 G934p 01629 07/23/2019 ej.1 07/23/2019 Libros